Guess the city by its landmark - Germany - Statistics

General Stats
  • This quiz has been taken 39 times
  • The average score is 7 of 12
Answer Stats
Picture Answer % Correct
Berlin
94%
Cologne
86%
Munich
83%
Hamburg
80%
Frankfurt
74%
Dresden
63%
Stuttgart
49%
Bremen
46%
Leipzig
37%
Bamberg
34%
Düsseldorf
31%
Bonn
14%
No matching quizzes found
Score Distribution
Percent of People with Each Score
Percentile by Number Answered
Your Score History
You have not taken this quiz